Ann Hamilton: myein (Record no. 808)
[ view plain ]
| 000 -LEADER | |
|---|---|
| campo de control de longitud fija | 00563nam a22001577a 4500 |
| 008 - DATOS DE LONGITUD FIJA--INFORMACIÓN GENERAL | |
| campo de control de longitud fija | 160111b xxu||||| |||| 00| 0 eng d |
| 082 ## - NÚMERO DE LA CLASIFICACIÓN DECIMAL DEWEY | |
| Número de clasificación | 708 |
| Número de ítem | A217m |
| 100 ## - ENTRADA PRINCIPAL--NOMBRE DE PERSONA | |
| Nombre de persona | Hamilton, Ann |
| 9 (RLIN) | 4391 |
| 245 ## - MENCIÓN DEL TÍTULO | |
| Título | Ann Hamilton: myein |
| Mención de responsabilidad, etc. | Katy Kline and Helaine Posner |
| 260 ## - PUBLICACIÓN, DISTRIBUCIÓN, ETC. | |
| Lugar de publicación, distribución, etc. | United States: |
| Nombre del editor, distribuidor, etc. | [Black Sparrow Press] |
| Fecha de publicación, distribución, etc. | 1999 |
| 300 ## - DESCRIPCIÓN FÍSICA | |
| Extensión | 48 p. |
| Otras características físicas | il. (col.) |
| Dimensiones | 24 cm. |
| 600 ## - PUNTO DE ACCESO ADICIONAL DE MATERIA--NOMBRE DE PERSONA | |
| Nombre de persona | Hamilton, Ann |
| Numeración | 1956- |
| Subdivisión general | Exhibiciones |
| 9 (RLIN) | 4392 |
| 650 ## - PUNTO DE ACCESO ADICIONAL DE MATERIA--TÉRMINO DE MATERIA | |
| Término de materia o nombre geográfico como elemento de entrada | Mujeres Artísticas |
| Subdivisión general | Exhibiciones |
| 9 (RLIN) | 4393 |
| 650 ## - PUNTO DE ACCESO ADICIONAL DE MATERIA--TÉRMINO DE MATERIA | |
| Término de materia o nombre geográfico como elemento de entrada | Bienal de Venecia |
| Subdivisión cronológica | 1999 |
| Subdivisión geográfica | Pabellón, Estados Unidos |
| 9 (RLIN) | 4394 |
| 650 ## - PUNTO DE ACCESO ADICIONAL DE MATERIA--TÉRMINO DE MATERIA | |
| Término de materia o nombre geográfico como elemento de entrada | Arte Contemporáneo |
| 9 (RLIN) | 977 |
| Estatus retirado | Estado de pérdida | Fuente del sistema de clasificación o colocación | Estado de daño | No para préstamo | Biblioteca de origen | Biblioteca actual | Ubicación en estantería | Fecha de adquisición | Total de préstamos | Signatura topográfica completa | Código de barras | Visto por última vez | Precio de reemplazo | Tipo de ítem Koha |
|---|---|---|---|---|---|---|---|---|---|---|---|---|---|---|
| Clasificación Decimal Dewey | Biblioteca LadoV | Biblioteca LadoV | 11/01/2016 | 708 A217m | 000813 | 11/01/2016 | 11/01/2016 | Material 01 |
